| 000 | nam a22 7a 4500 | ||
|---|---|---|---|
| 999 |
_c9093 _d9093 |
||
| 005 | 20220330235939.0 | ||
| 008 | 220330b xxu||||| |||| 00| 0 eng d | ||
| 020 |
_a9789715422741 _bpaperback |
||
| 040 |
_beng _cAPEC Schools Library _erda |
||
| 082 |
_aF 991.40 _bW3949f 2010 |
||
| 100 | _aWeekley, Kathlyn | ||
| 245 |
_aThe Fateful years Japan's adventure in the Philippines : _b1941-1945 Volume 1/ _cKathlyn Weekley |
||
| 264 |
_aQuezon City ; _bUniversity of the Philippines Press, _c©2010. |
||
| 300 |
_a475 pages : _billustrations. |
||
| 336 |
_2rdacontent _atext |
||
| 337 |
_2rdamedia _aunmediated |
||
| 338 |
_2rdacarrier _avolume |
||
| 651 | _aPhilippines. | ||
| 942 |
_2ddc _cNFIC |
||